header

Every farm a factory (Record no. 137067)

MARC details
000 -LEADER
fixed length control field 01946nam a22004214a 4500
082 04 - DEWEY DECIMAL CLASSIFICATION NUMBER
Classification number 338.1/0973
100 1# - MAIN ENTRY--AUTHOR NAME
Personal name Fitzgerald, Deborah Kay.
245 10 - TITLE STATEMENT
Title Every farm a factory
260 ## - PUBLICATION, DISTRIBUTION, ETC. (IMPRINT)
Place of publication New Haven :
Name of publisher Yale University Press,
Year of publication c2003.
300 ## - PHYSICAL DESCRIPTION
Number of Pages xi, 242 p. :
Other physical details ill.
490 1# - SERIES STATEMENT
Series statement Yale agrarian studies series
650 #0 - SUBJECT ADDED ENTRY--TOPICAL TERM
Topical Term Agriculture
Topical Term Family farms
Topical Term Agricultural credit
Topical Term Farms, Size of
Topical Term Farm mechanization
Topical Term Agriculture
Topical Term Farm mortgages
Topical Term Business cycles
Topical Term Farm foreclosures
856 40 - ELECTRONIC LOCATION AND ACCESS
Uniform Resource Identifier http://site.ebrary.com/lib/rucke/Doc?id=10167891

No items available.

© 2026 Rongo University
Contact us: librarian | system librarian | Rongo university